000 00809nam a22002177a 4500
003 OSt
005 20260129030132.0
008 260129b |||||||| |||| 00| 0 eng d
020 _a1-56308-804-5. (pbk.)
040 _aDWC-Main Lib.
_cOC
082 _23rd ed.
_aRes. 025.187 V26c 2001
100 _aVan Orden, Phyllis J.
245 _aThe collection program in schools:
_b concepts, practices, and information sources/
_cPhyllis J. Van Orden
250 _a3rd ed.
260 _aColorado: Libraries Unlimited,
_bA Division of Greenwood Publishing Group, Inc.,
_cc2001.
300 _axxi, 383 p. ;
_c25 cm.
500 _aIncludes bibliographies and index.
650 _a1. School Libraries--Collection Development--United States.
700 _aBishop, Kay
942 _2ddc
_cBK-0 CIRC
_e3rd ed.
_hRes.
_n0
999 _c7936
_d7936